000 004200000a22001450004500
050 4 _aCD 029
100 1 _aPeriñán Lambis, Henry de J.
245 1 0 _aLecciones y ayudas pedagógicas Griego / Henry de Jesús Periñán Lambis
260 _aMedellín : Seminari Bíblico
001 13598
942 _cBK
999 _c42555
_d42555
336 _atexto
_btxt
_2rdacontent
337 _2rdamedia
_asin mediación
_bn
338 _2rdacarrier
_avolumen
_bnc